000 00889nam a22002897a 4500
003 CHAP
005 20220329141300.0
008 971010s1973 r 00010 d
010 _a65707
011 _a66679
035 _a75319
040 _cCHAP
090 _aFolleto 2763
110 2 _aInstituto Mexicano de Comercio Exterior
_959249
245 1 _aComercialización externa del melón
260 _aMéxico, D.F. :
_bEl Instituto,
_c1973
300 _a65 p.
590 _aBATCH-UPD
_b10
_c20130110
_lUCH01
_h1428
590 _aBATCH-UPD
_b10
_c20130410
_lUCH01
_h0906
590 _aBATCH-UPD
_b10
_c20130914
_lUCH01
_h1810
590 _aCONVERSION
_b10
_c20130109
_lUCH01
_h1336
650 1 4 _aMelón
_xAspectos económicos
_xMéxico.
_974440
650 1 4 _aMelón
_xMercadeo
_xMéxico.
_974468
901 _aBK
942 _cFOLL
949 _aFolleto 2763
_bBC
_cFOLL
_d-144946
_eTS1
_i75319
_si
999 _c65707
_d65707